Ч. 2: Международная макроэкономика: открытая экономика и макроэкономическое программирование; Международная экономика

Dades bibliogràfiques
Parent link:Международная экономика: учебное пособие: в 2 ч./ А. П. Киреев. Ч. 2: Международная макроэкономика: открытая экономика и макроэкономическое программирование.— , 2006
Sumari:После базовых курсов экономической теории (микро- и макроэкономики) многие вузы предлагают курс международной экономики или международных экономических отношений, раскрывающий закономерности функционирования национальной экономики в условиях ее сложных взаимодействий с остальным миром. Настоящее издание представляет собой оригинальный учебник по международной экономике, делающий особый акцент на реальности России и других стран с переходной экономикой. Данное издание является второй частью учебника «Международная экономика». Для студентов и преподавателей экономических факультетов, университетов и других высших учебных заведений, слушателей бизнес-школ, сотрудников государственных экономических ведомств, всех, кто интересуется проблемами международной экономики.
Idioma:rus
Publicat: 2006
Matèries:
Format: MixedMaterials Llibre
KOHA link:https://koha.lib.tpu.ru/cgi-bin/koha/opac-detail.pl?biblionumber=120304

MARC

LEADER 00000nam2a2200000 4500
001 120304
005 20231031124934.0
010 |a 5713310280 
035 |a (RuTPU)RU\TPU\book\130258 
090 |a 120304 
100 |a 20070824d2006 m y0rusy50 ca 
101 0 |a rus 
102 |a RU 
105 |a a j 001zy 
200 0 |a Ч. 2: Международная макроэкономика: открытая экономика и макроэкономическое программирование 
210 |d 2006 
215 |a 485 с.  |c ил. 
320 |a Глоссарий: с.457-478. 
320 |a Библиография: с. 479-480. 
320 |a Указатель: с. 481-484. 
330 |a После базовых курсов экономической теории (микро- и макроэкономики) многие вузы предлагают курс международной экономики или международных экономических отношений, раскрывающий закономерности функционирования национальной экономики в условиях ее сложных взаимодействий с остальным миром. Настоящее издание представляет собой оригинальный учебник по международной экономике, делающий особый акцент на реальности России и других стран с переходной экономикой. Данное издание является второй частью учебника «Международная экономика». Для студентов и преподавателей экономических факультетов, университетов и других высших учебных заведений, слушателей бизнес-школ, сотрудников государственных экономических ведомств, всех, кто интересуется проблемами международной экономики. 
451 1 |0 (RuTPU)RU\TPU\book\10473  |y 5713309649  |t Международная макроэкономика: открытая экономика и макроэкономическое программирование  |d 1999  |p 485 с. 
461 1 |0 (RuTPU)RU\TPU\book\137536  |t Международная экономика  |o учебное пособие: в 2 ч.  |f А. П. Киреев  |v Ч. 2: Международная макроэкономика: открытая экономика и макроэкономическое программирование  |d 2006 
610 1 |a экономика 
610 1 |a мировая экономика 
610 1 |a международная экономика 
610 1 |a открытая экономика 
610 1 |a макроэкономика 
610 1 |a макроэкономическое программирование 
610 1 |a международная валютно-финансовая система 
610 1 |a валюты 
610 1 |a валютный курс 
610 1 |a стоимость 
610 1 |a платежный баланс 
610 1 |a финансовые рынки 
610 1 |a макроэкономическая корректировка 
610 1 |a мониторинг 
610 1 |a регулирование 
610 1 |a макроэкономическое программирование 
610 1 |a реальный сектор 
610 1 |a бюджетный сектор 
610 1 |a денежный сектор 
610 1 |a внешний сектор 
610 1 |a учебные пособия 
686 |a У5я73  |v LBC/SL-A  |2 rubbk 
686 |a У58я73  |v LBC/SL-A  |2 rubbk 
801 1 |a RU  |b 63413507  |c 20070824  |g PSBO 
801 2 |a RU  |b 63413507  |c 20150508  |g PSBO 
900 |a Международная экономика 
900 |a Мировая экономика 
942 |c BK 
952 |a 521600  |b 080100  |b 080102 
959 |a 48/20070816  |d 2  |e 202,50  |f АНЛ:1  |f ЧЗГЛ:1